<?xml version="1.0" encoding="UTF-8"?>
<record
    xmlns:xsi="http://www.w3.org/2001/XMLSchema-instance"
    xsi:schemaLocation="http://www.loc.gov/MARC21/slim http://www.loc.gov/standards/marcxml/schema/MARC21slim.xsd"
    xmlns="http://www.loc.gov/MARC21/slim">

  <leader>01098na  a2200301   4500</leader>
  <controlfield tag="001">18387</controlfield>
  <controlfield tag="003">MIRAKIL</controlfield>
  <controlfield tag="005">20181213155241.0</controlfield>
  <controlfield tag="008">161117b        tu            000 0      </controlfield>
  <datafield tag="035" ind1=" " ind2=" ">
    <subfield code="a">18387</subfield>
  </datafield>
  <datafield tag="040" ind1=" " ind2=" ">
    <subfield code="a">Milas</subfield>
    <subfield code="b">tur</subfield>
    <subfield code="c">TR-AnCHP</subfield>
  </datafield>
  <datafield tag="041" ind1=" " ind2=" ">
    <subfield code="a">tur</subfield>
  </datafield>
  <datafield tag="082" ind1=" " ind2=" ">
    <subfield code="a">CHP 324.2172 MYK </subfield>
    <subfield code="b">M36 1993</subfield>
  </datafield>
  <datafield tag="090" ind1=" " ind2=" ">
    <subfield code="a">CHP 324.2172 MYK M36 1993</subfield>
  </datafield>
  <datafield tag="240" ind1=" " ind2=" ">
    <subfield code="a">Merkez Y&#xF6;netim Kurulu &#xE7;al&#x131;&#x15F;ma program&#x131;</subfield>
  </datafield>
  <datafield tag="245" ind1=" " ind2=" ">
    <subfield code="a">19 Nisan 1993 tarihli Parti Meclisinde kabul edilen Merkez Y&#xF6;netim Kurulu &#xE7;al&#x131;&#x15F;ma program&#x131;</subfield>
  </datafield>
  <datafield tag="246" ind1=" " ind2=" ">
    <subfield code="a">Merkez Y&#xF6;netim Kurulu &#xE7;al&#x131;&#x15F;ma program&#x131;</subfield>
  </datafield>
  <datafield tag="260" ind1=" " ind2=" ">
    <subfield code="a">Ankara</subfield>
    <subfield code="b">[CHP]</subfield>
    <subfield code="c">1993</subfield>
  </datafield>
  <datafield tag="300" ind1=" " ind2=" ">
    <subfield code="a">63 s.</subfield>
    <subfield code="b">tbl.</subfield>
    <subfield code="c">19 sm.</subfield>
  </datafield>
  <datafield tag="490" ind1=" " ind2=" ">
    <subfield code="a">Cumhuriyet Halk Partisi Merkez Y&#xF6;netim Kurulu yay&#x131;nlar&#x131;</subfield>
  </datafield>
  <datafield tag="505" ind1=" " ind2=" ">
    <subfield code="a">Merkez Y&#xF6;netim Kurulu &#xE7;al&#x131;&#x15F;ma program&#x131; = Kurultay kararlar&#x131;</subfield>
  </datafield>
  <datafield tag="610" ind1=" " ind2=" ">
    <subfield code="a">CHP MYK</subfield>
    <subfield code="x">&#xC7;al&#x131;&#x15F;ma raporlar&#x131;</subfield>
  </datafield>
  <datafield tag="610" ind1=" " ind2=" ">
    <subfield code="a">Cumhuriyet Halk Partisi (CHP)</subfield>
    <subfield code="b">Merkez Y&#xF6;netim Kurulu ( MYK)</subfield>
    <subfield code="x">Programlar, 1993</subfield>
  </datafield>
  <datafield tag="740" ind1=" " ind2=" ">
    <subfield code="a">CHP Kurultay kararlar&#x131;</subfield>
  </datafield>
  <datafield tag="740" ind1=" " ind2=" ">
    <subfield code="a">Merkez Y&#xF6;netim Kurulu &#xE7;al&#x131;&#x15F;ma program&#x131;</subfield>
  </datafield>
  <datafield tag="830" ind1=" " ind2=" ">
    <subfield code="a">CHP yay&#x131;nlar&#x131;</subfield>
  </datafield>
  <datafield tag="942" ind1=" " ind2=" ">
    <subfield code="2">ddc</subfield>
    <subfield code="c">BKS</subfield>
  </datafield>
  <datafield tag="952" ind1=" " ind2=" ">
    <subfield code="a">0001</subfield>
    <subfield code="b">0001</subfield>
    <subfield code="d">2016-11-17</subfield>
    <subfield code="e">2</subfield>
    <subfield code="l">0</subfield>
    <subfield code="o">CHP 324.2172 MYK M36 1993</subfield>
    <subfield code="p">010029</subfield>
    <subfield code="r">2016-11-17 00:00:00</subfield>
    <subfield code="v">0.00</subfield>
    <subfield code="w">2016-11-17</subfield>
    <subfield code="y">BKS</subfield>
  </datafield>
  <datafield tag="952" ind1=" " ind2=" ">
    <subfield code="a">0001</subfield>
    <subfield code="b">0001</subfield>
    <subfield code="d">2016-11-17</subfield>
    <subfield code="e">2</subfield>
    <subfield code="l">0</subfield>
    <subfield code="o">CHP 324.2172 MYK M36 1993</subfield>
    <subfield code="p">010030</subfield>
    <subfield code="r">2016-11-17 00:00:00</subfield>
    <subfield code="t">k.2</subfield>
    <subfield code="v">0.00</subfield>
    <subfield code="w">2016-11-17</subfield>
    <subfield code="y">BKS</subfield>
  </datafield>
  <datafield tag="952" ind1=" " ind2=" ">
    <subfield code="a">0001</subfield>
    <subfield code="b">0001</subfield>
    <subfield code="d">2016-11-17</subfield>
    <subfield code="e">2</subfield>
    <subfield code="l">0</subfield>
    <subfield code="o">CHP 324.2172 MYK M36 1993</subfield>
    <subfield code="p">010031</subfield>
    <subfield code="r">2016-11-17 00:00:00</subfield>
    <subfield code="t">k.3</subfield>
    <subfield code="v">0.00</subfield>
    <subfield code="w">2016-11-17</subfield>
    <subfield code="y">BKS</subfield>
  </datafield>
  <datafield tag="999" ind1=" " ind2=" ">
    <subfield code="c">9269</subfield>
    <subfield code="d">9269</subfield>
  </datafield>
</record>
